banner-ar

وسائل التعليم والاعلام / (Record no. 31534)

MARC details
000 -الفاتح
حقل البيانات ثابتة الطول 00600nam a2200193Ia 4500
008 - عناصر البيانات ثابتة الطول - معلومات عامة
حقل البيانات ثابتة الطول 140319s9999 xx 000 0 ara d
040 ## - مصدر الفهرسة
وكالة الفهرسة الأصلية GCL /
وكالة النسخ GCL
082 04 - رقم تصنيف ديوى العشرى
رقم التصنيف 371.333
رقم المادة ف و
100 1# - المدخل الرئيسى - إسم شخصى
الإسم الشخصى فتح الباب عبدالحليم سيد
245 10 - بيان العنوان
العنوان وسائل التعليم والاعلام /
بيان المسئوليه,etc فتح الباب عبدالحليم سيد
700 1# - المدخل الاضافى - اسم شخصى
الإسم الشخصى ابراهيم حفظ الله
260 ## - PUBLICATION, DISTRIBUTION, ETC. (IMPRINT)
تاريخ النشر أو التوزيع 1985
300 ## - الوصف المادى
التعداد 380
490 ## - بيان السلسلة
عنوان السلسلة
650 04 - المدخل الاضافى بالموضوع-مصطلح موضوعى
مصطلح موضوعي التعليم
650 04 - المدخل الاضافى بالموضوع-مصطلح موضوعى
مصطلح موضوعي وسائل الاعلام
942 ## - عناصر المدخل الإضافي( كوها)
مصدر التصنيف او مخطط الترفيف Dewey Decimal Classification
Koha [default] item type كتاب
260 ## - PUBLICATION, DISTRIBUTION, ETC. (IMPRINT)
-- [S.N] :
-- عالم الكتب الحديث ،
Holdings
حالة التراجع حالة الفقد حالة تلف ليس للاعارة المكان المؤقت الموقع الحالى تاريخ الاكتساب اجمالي اﻻعارات رقم الطلب الباركود تاريخ اخر مشاهدة تاريخ تفعيل السعر نوع وعاء كوها
        مكتبة القاهرة الكبرى مكتبة القاهرة الكبرى 03/26/2014   371.333\ف و 73894 03/26/2014 03/26/2014 كتاب
        مكتبة القاهرة الكبرى مكتبة القاهرة الكبرى 03/26/2014   371.333\ف و 73895 03/26/2014 03/26/2014 كتاب

Powered By

EGPV